000 00815pam a2200265 a 4500
020 _a0471571040 (paper : acidfree paper) :
040 _cDLC
082 0 0 _a635 WIL 1992 A043 Or.
100 1 _aWeiner, Michael A.
245 1 0 _aPlant a tree :
_bchoosing, planting, and maintaining this precious resource /
250 _aRev. ed.
260 _aNew York :
_bWiley,
_cc1992.
300 _avi, 292 p. :
_bill., maps ;
_c28 cm.
500 _aIncludes index.
650 0 _aTree planting.
650 0 _aOrnamental trees.
650 0 _aTrees.
650 0 _aTree planting
650 0 _aOrnamental trees
650 0 _aTrees
700 1 _aWeiner, Russell.
856 4 2 _uhttp://www.loc.gov/catdir/description/wiley033/92006520.html
856 4 _uhttp://www.loc.gov/catdir/toc/onix04/92006520.html
942 _cEK
999 _c12896
_d12896